Culture Générale - Clic Quiz - La réponse est un département français - Statistiques

Statistiques générales
  • Ce quiz a été pris 171 fois
  • Le résultat moyen est 16 sur 30
Statistiques - réponses
Hint Réponse % Correct
Epreuve sportive de voile, consistant à faire le tour du monde en solitaire, sans escale ni assistance : _______ Globe Vendée
94%
Fromage français à pâte pressée non cuite, originaire du Massif central, fabriqué à partir de lait cru de vache ou pasteurisé Cantal
92%
Pièce de vêtement recouvrant tout ou partie du bras, jusqu'à l'épaule Manche
91%
Point cardinal Nord
91%
Boisson alcoolisée obtenue par distillation du cidre ou de poiré Calvados
86%
Complète cette citation du film Le bon, la brute et le truand : "Tu vois, le monde se divise en deux catégories, ceux qui ont un pistolet chargé et ceux qui _______.. Toi, tu _______. Creuse
83%
Commune (avec un s) qui a fusionné avec celle de Corbeil en 1951, représentant 52 683 habitants en 2021 Essonne
78%
Chanteuse populaire aux États-Unis née le 20 mai 1946, comptant environ 100 millions d'exemplaires d'albums vendus dans le monde Cher
77%
Complète le début de la Chanson (qui a pour nom le département à trouver) de 1977 interprété par Michel Delpech : "Ma famille habite dans . ._______ " Loir-et-Cher
71%
Située dans le quartier du Marais, une des cinq places royales parisiennes (avec la place des Victoires, la place Dauphine, la place Vendôme et la place de la Concorde) : Place . . . _______ Vosges
67%
Vêtement liturgique porté par les prêtres et les enfants de chœur catholiques, ou anglicans Aube
65%
Congrès en Autriche, qui a réorganisé l'Europe après la chute de Napoléon Ier (1814-1815) Vienne
63%
Toujours le seul département sous la barre des 100 000 habitants en 2021 Lozère
61%
Avant d'être Miss France 2023, Indira Ampiot a été élue Miss _______ 2022 Guadeloupe
59%
Groupe politique issu du parti patriote au début de la Révolution française Gironde
56%
Complète le surnom du chef de guerre médiéval Guillaume de La Marck (v. 1446-1485) : Le Sanglier . . . _______ Ardennes
51%
Son drapeau se compose d'une croix blanche sur un fond rouge. Le rouge peut varier car le drapeau n'a aucun aspect officiel Savoie
51%
Complète le roman de Tom Clancy, adapté au cinéma en 2002 : .. _______ de toutes les peurs Somme
50%
Complète le nom du single et maxi du groupe Suprême NTM, sorti le 9 juin 1998 : _______ Style / Laisse pas traîner ton fils Seine-Saint-Denis
46%
Symbole du voltampère réactif, unité de mesure de la puissance réactive en régime alternatif. Var
45%
Troisième album de la chanteuse Zaz, sorti le 10 novembre 2014 Paris
43%
Département des Bretilliens (gentilé créé pour désigner ses habitants qui en étaient dépourvus jusqu'alors. Il est choisi le 20 juin 2013 par le Conseil général du département et contesté..) Ille-et-Vilaine
36%
Roche sédimentaire contenant du calcaire CaCO3 et de l'argile, en quantités à peu près équivalentes (35 % à 65 %) Marne
33%
Département de naissance d'Emile Louis, « le boucher d. . ._______ » Yonne
33%
Roi dans la légende arthurienne (une des orthographes), surtout connu comme le père de Sire Gauvain (interprété par François Rollin dans Kaamelott) Lot
32%
île de l'archipel des Hébrides intérieures en Écosse située dans l'océan Atlantique (368 km2 de superficie). C'est aussi le nom de la dixième plus longue rivière de Lituanie (177 km de longueur) Jura
15%
Guitariste du groupe de heavy metal Iron Maiden depuis 1990 : Janick Robert _______ Gers
14%
Complète le nom du Plus haut gratte-ciel des Pays-Bas et même du Benelux jusqu'en 2022 (2e depuis), de 165 mètres de hauteur construit sur la place Wilhelmine à Rotterdam : La tour .. .. _______ Meuse
14%
Jeu vidéo de type aventure narrative et point'n'click édité par Focus Indie Series. Le jeu est sorti le 13 juin 2023 sur Windows, Playstation 5, Xbox Series et Nintendo Switch Dordogne
13%
_______ By, littéralement ville intérieure, centre-ville historique de Copenhague et, plus généralement, centre-ville historique de la plupart des grandes villes danoises Indre
11%
Aucun quiz correspondant
Distribution des résultats
% des personnes avec chaque résultat
Percentile par nombre de réponses
Votre historique - résultats
Vous n’avez pas pris ce quiz